000 00578nam a22001817a 4500
005 20151023113017.0
010 _aENG-113950
020 _c150.00
_a9789350450741
035 _aEN-97482
037 _bDBAD/PUB
_adpl
082 _a881
100 _aChatterjee, Samir Ranjan
245 _aUnder the southern sky /
_cby Samir Ranjan Chatterjee
260 _aCalcutta
_bWriters Workshop
_c2014
270 _a162/92, Lake Garden,
_bCalcutta
_e700045
300 _a62p.
_c22cm(Hb)
942 _2ddc
_cEN
_mCHA
_h881
999 _c96537
_d96537